| 000 | 00719cam a22002533a 4500 | ||
|---|---|---|---|
| 001 | 25724 | ||
| 003 | PGUSA | ||
| 005 | 20140828083543.0 | ||
| 008 | 080608s2008||||xxu|||||s|||||000 1 eng d | ||
| 040 |
_aPGUSA _beng |
||
| 042 | _adc | ||
| 050 | 4 | _aPS | |
| 100 | 1 | _aChamberlain, Lucia | |
| 245 | 1 | 4 |
_aThe Other Side of the Door _h[electronic resource] / _cLucia Chamberlain |
| 260 |
_bProject Gutenberg, _c2008 |
||
| 506 | _aPublic domain in the USA. | ||
| 516 | _aElectronic text | ||
| 653 | _aSan Francisco (Calif.) -- Fiction | ||
| 653 | _aMurder -- Fiction | ||
| 700 | 1 |
_aPfeifer, Herman, _d1874-1931 |
|
| 830 | 0 |
_aProject Gutenberg _v25724 |
|
| 856 | 4 | 0 | _uhttp://www.gutenberg.org/ebooks/25724 |
| 942 | _cEB | ||
| 999 |
_c254979 _d254979 |
||